Топ-100 франшиз по количеству контента на Rule-34 - Statistics

General Stats
  • This quiz has been taken 17 times
  • The average score is 20 of 100
Answer Stats
Франшиза % Correct
4 Naruto
73%
14 Marvel
67%
8 DC
60%
12 Overwatch
60%
1 Pokemon
60%
93 Minecraft
53%
23 One Piece
53%
75 Attack on Titan
40%
6 Final Fantasy
40%
95 K-On!
40%
10 League of Legends
40%
2 My Little Pony
40%
13 Super Mario
40%
20 The Legend of Zelda
40%
38 Avatar
33%
32 Bleach
33%
78 Chainsaw Man
33%
61 Demon Slayer
33%
11 Genshin Impact
33%
34 Star Wars
33%
17 World of Warcraft
33%
99 Ben 10
27%
100 Brawl Stars
27%
15 Dragon Ball Z
27%
7 Fate
27%
41 JoJo's Bizarre Adventure
27%
16 My Hero Academia
27%
55 Neon Genesis Evangelion
27%
25 Resident Evil
27%
83 Roblox
27%
68 Adventure Time
20%
26 Animal Crossing
20%
24 Azur Lane
20%
36 Danganronpa
20%
90 Doki Doki Literature Club
20%
50 Fairy Tail
20%
27 Five Nights at Freddy's
20%
28 Fortnite
20%
72 Kono Suba
20%
39 Mass Effect
20%
73 Mortal Combat
20%
43 Nier Automata
20%
98 Scooby-Doo
20%
5 Sonic the Hedgehog
20%
45 Steven Universe
20%
22 Street Fighter
20%
92 Tekken
20%
62 The Elder Scrolls
20%
65 The Witcher
20%
29 Undertale
20%
21 Digimon
13%
53 Granblue Fantasy
13%
59 Gundam
13%
86 Kill la Kill
13%
91 Kim Possible
13%
63 Love Live!
13%
49 Metroid
13%
84 One-Punch Man
13%
33 Persona
13%
66 Pretty Cure
13%
60 Sailor Moon
13%
88 Team Fortress 2
13%
58 Tomb Rider
13%
3 Touhou Project
13%
56 Vocaloid
13%
40 Yu-Gi-Oh!
13%
51 Zootopia
13%
69 Arknights
7%
37 Blue Archive
7%
80 Cyberpunk 2077
7%
76 Darkstalkers
7%
30 Dead or Alive
7%
74 Deltarune
7%
52 Dragon Quest
7%
9 Fire Emblem
7%
57 Friday Night Funkin
7%
87 Girls und Panzer
7%
96 Guilty Gear
7%
44 Helluva Boss
7%
31 Hololive
7%
19 Kantai Collection
7%
47 King of Fighters
7%
46 Koikatsu
7%
77 Lyrical Nanoha
7%
70 Mega Man
7%
97 Miss Kobayashi's Dragon Maid
7%
71 Monster Hunter
7%
79 Nagatoro
7%
85 Nijisanji
7%
64 Princess Connect!
7%
81 Queen's Blade
7%
35 RWBY
7%
48 Splatoon
7%
42 Star Fox
7%
89 Strike Witches
7%
82 Suzumiya Haruhi
7%
54 Taimanin
7%
18 The Idolmaster
7%
94 Tokyo Afterschool Summoners
7%
67 Xenoblade
7%
No matching quizzes found
Score Distribution
Percent of People with Each Score
Percentile by Number Answered
Your Score History
You have not taken this quiz